000 00309nam a2200133Ia 4500
005 20251222155132.0
008 251222s9999||||xx |||||||||||||| ||spa||
082 _aLEN.60
100 _aCALDERON de la Barca,
245 0 _aLa vida es un sueƱo
250 _a1ra. ed.
264 _bEl comercio
942 _cLIB
999 _c38855
_d38855